Who said it - Throne of Glass - Statistics

General Stats
  • This quiz has been taken 887 times
    884 since last reset
  • The average score is 30 of 80
Answer Stats
Quote Who said it % Correct
"I love sleep. My life has a tendency to fall apart when I'm awake, you know?" Aelin Ashryver Galathynius
82%
"I name you Elentiya, 'Spirit That Could Not Be Broken' " Nehemia Ytger
77%
"Not for all the world Aelin? But what about for Prince Rowan?" Maeve
71%
"You make me want to live. Not just survive, exist, but live." Rowan Whitethorn
71%
"I love you. I have for years. And he hurt you and made me watch because he's always known how I felt, too." Sam Cortland
69%
"I wanted to go to Perranth with you." Lorcan Salvaterre
67%
"When she asks why, tell her I said that they would not let me bring the cloak she gave me, but I kept a piece of it. To remember that promise she made. To remember to repay her for a warm cloak in a cold dungeon.” Kaltain Rompier
66%
"Thank you for the oil. My skin was a little dry." Rowan Whitethorn
66%
"Second place was just a nice title for the first loser." Celaena Sardothien
59%
“It’s starting to get so hot, and I hate sweating when I sleep. Plus, you’re practically a furnace. So it’s either this or I sleep naked. You can sleep in the bathtub if you have a problem with it.” Aelin Ashryver Galathynius
58%
"There is one true king in this room—­there always has been. And he is not sitting on that throne.” Chaol Westfall
58%
"You stayed on the roof the whole time you were out, didn't you?" Aelin Ashryver Galathynius
57%
“I am going, *****. I will gather the rest of my court—our court—and then we will raise the greatest army the world has ever witnessed. I will call in every favor, every debt owed to ******** **********, to my parents, to my bloodline. And then…” Aelin Ashryver Galathynius
57%
"I think he would have wanted you to live. Not just survive, but live." Chaol Westfall
57%
“I have a friend. He is to be Lord of Anielle someday, and the fiercest warrior in the land.” Dorian Havilliard
57%
"Over a million? A million books? I'd die before I even got through half of that!" Celaena Sardothien
56%
"Bring my body back to the cabin." Asterin Blackbeak
55%
“You collect scars because you want proof that you are paying for whatever sins you've committed. And I know this because I've been doing the same damn thing for two hundred years. Tell me, do you think you will go to some blessed Afterworld, or do you expect a burning hell? You're hoping for hell--because how could you face them in the Afterworld? Better to suffer, to be damned for eternity and--” Rowan Whitethorn
55%
"Because she is dead, and I am left with my worthless life!” Celaena Sardothien
52%
“You find ******* **********. Give her this. No one else. No one else. Tell her that you can open any door, if you have the key. And tell her to remember her promise to me—to punish them all." Kaltain Rompier
52%
“Some night soon, I'll sneak back in here and we can eat chocolates until we vomit." Lysandra
52%
"My name is Wind. And Rain. And Bone and Dust. My name is a snippet of a half remembered song." Celaena Sardothien
51%
"I don't quite comprehend why you'd force someone to bow when the purpose of the gesture is to display allegiance and respect." Dorian Havilliard
50%
“Because I am from Terrasen and believed my queen dead. And now she is alive, and fighting, so I will fight with her." Elide Lochan
50%
“You want to hear something ridiculous? Whenever I’m scared out of my wits, I tell myself: My name is *** ******** … and I will not be afraid. I’ve been doing it for years.” Sam Cortland
50%
"I saw at lunch that you're reading The Wind and the Rain, and I forgot to ask what you thought." Chaol Westfall
49%
"Are you studying them so you can replicate them when you take my form, shape-shifter?" Rowan Whitethorn
48%
“You and I are nothing but wild beasts wearing human skins.” Lysandra
46%
"You do not have the right to wish she were not what she is. The only thing you have a right to do is decide whether you are her enemy or her friend.” Dorian Havilliard
45%
"That sense of humor only appears about once every century, so you'd better hope you Settle, or else that's the last time you'll see it.” Fenrys
45%
“For some reason, Mala likes me, and agreed that you and I make a formidable pair.” Rowan Whitethorn
45%
“You’ll be sweating when I skin you alive and squish your eyeballs beneath my feet." Celaena Sardothien
43%
“A gold coin says he misses." Fenrys
42%
“If they let you out, make sure that they're punished someday. Every last one of them.” Kaltain Rompier
42%
"This despair and hatred and rage that lives and breathes inside me. There's not sanity to it, no gentleness. It is a monster dwelling under my skin. For the past ten years, I have worked every day, every hour, to keep that monster locked up." Celaena Sardothien
41%
"The thought of you with any of my companions makes my blood run cold." Rowan Whitethorn
41%
“Never take it off. It will protect you from harm.” Celaena Sardothien
40%
"Hit me with all that rage you feel every time you force yourself to miss the bull’s-eye, or when you slow yourself down so you don’t scale walls as fast as me." Cain
39%
“You will find, *****, that one does not deal with ******* ********** . One survives her” Dorian Havilliard
38%
“How you even manage to walk with that much steel on you, Whitethorn, has always been a mystery to me.” Fenrys
37%
"Because you remind me of what the world ought to be. What the world can be.” Celaena Sardothien
36%
“I will go with you. I will help you get her back.” Gavriel
36%
“You touch him again and I'll drink the marrow from your bones.” Manon Blackbeak
36%
She will beat you again. And again. Because what she represents, and what your son represents, is what you fear most: hope. You cannot steal it, no matter how many you rip from their homes and enslave. And you cannot break it, no matter how many you murder.” Chaol Westfall
34%
“I see her slipping away, bit by bit, because you shove her down when she so desperately needs someone to help her back up.” Emrys
34%
"You can use Elide's old trunk . It's upstairs gathering dust, along with the rest of her potential." Manon Blackbeak
34%
“So what if you burned a few books? Those librarians deserve it. When we're older, maybe we'll burn it to the ground together." Aedion Ashryver
33%
“You knew it was suicide." Dorian Havilliard
33%
“You could do anything, if you only dared. And deep down, you know it, too. That’s what scares you most.” Elena Galathynius Havilliard
33%
"Oh, you better run now." Rowan Whitethorn
33%
“You survived; I survived. We’re together again. I once begged the gods to let me see you — if only for a moment. To see you and know you’d made it. Just once; that was all I ever hoped for.” Aedion Ashryver
31%
“If you are allowed to change so greatly in two years, may I not be permitted to have changed as well?” Arobynn Hamel
31%
“And when you are ready—when you start to hear them crying out as well—then you will know why I came to you, and why I have stood by you, and will continue to watch over you, no matter how many times you shove me away.” Elena Galathynius Havilliard
31%
"I'm not questioning your honor. I'm denying its existence." Manon Blackbeak
30%
"Courage of the heart is very rare. Let it guide you." Elena Galathynius Havilliard
28%
“But you’re barely a woman—what did you do to . . .”“Would I have heard your name before? Would I have heard that you were shipped to Endovier?” Nox Owen
25%
“I like the new scar Captain.” Aedion Ashryver
24%
“You gave me the truth today, so I’ll share mine: even if it meant us being friends again, I don’t think I would want to go back to how it was before — who I was before." Dorian Havilliard
23%
“I am going to buy you what time I can, *****. No matter what you hear, no matter what you see, don’t look back, and don’t stop until you find a place to hide.” Marion Lochan
23%
"Loyalty, obedience, brutality- that is what you are." Asterin Blackbeak
22%
"The marsh beasts are easily enraged. Like someone I know." Lysandra
22%
“They have made you into monsters. Made *****. And we feel sorry for you.” Rhiannon Crochan
22%
“I did. But I also told him that the woman I love now plans to head into war. And I intend to follow her.” Sartaq
21%
"It was like dying a little every day. It was like being alive, too. It was joy so complete it was pain. It destroyed me and unmade me and forged me. I hated it, because I knew I couldn't escape it, and knew it would forever change me." Asterin Blackbeak
20%
“Should I thank you for putting on pants?" Lorcan Salvaterre
20%
“Elena said Mala’s bloodline can stop this. It runs in both your houses.” Manon Blackbeak
20%
“Rumor has it she was your Champion this fall. Do you wish to deal with this?" Rolfe
19%
“There are far darker things gathering on the horizon. My dreams have been filled with shadows and wings—the booming of wings soaring between mountain passes. Nehemia Ytger
18%
"And I can't wait to help her gut you like the pigs you are." Aedion Ashryver
17%
"I'm not the one who needs to answer that question." Elide Lochan
16%
"And from today onward, I want to never be separated from you. Where you go, I go. Even if that means going to Hell itself, wherever you are, that's where I want to be. Forever.” Sam Cortland
16%
“I do not expect you to trust me; I do not expect you to love me.” Arobynn Hamel
15%
"Did anyone ever teach you to use a bow, boy?" Brullo
15%
“You want to die in this war so badly, then get up.” Yrene Towers
14%
“And what sort of work do you do for my uncle?” Roland Havilliard
13%
“I saw her face last night, ******, and it’s as pretty as before. Don’t you have a wife to ogle, anyway?” Nesryn Faliq
10%
“Do not insult me by assuming I’m that shallow or fickle.” Nesryn Faliq
9%
“When we are dead, when even our grandchildren’s grandchildren are dead, they will still be talking about this war. They will whisper of it around fires, sing of it in the great halls. Who lived and died, who fought and who cowered.” Kashin
7%
“You could rip out your own and see if it fits." Mort
6%
“Desperation breeds people who are willing to do anything to get what they need.” Hasar
4%
No matching quizzes found
Score Distribution
Percent of People with Each Score
Percentile by Number Answered
Your Score History
You have not taken this quiz since the last reset